A Concise History of Indian Literature in English (Record no. 12369)
[ view plain ]
| 000 -LEADER | |
|---|---|
| fixed length control field | 00444nam a22001697a 4500 |
| 003 - CONTROL NUMBER IDENTIFIER | |
| control field | OSt |
| 008 - FIXED-LENGTH DATA ELEMENTS--GENERAL INFORMATION | |
| fixed length control field | 240401b |||||||| |||| 00| 0 eng d |
| 020 ## - INTERNATIONAL STANDARD BOOK NUMBER | |
| International Standard Book Number | 9788178244846 |
| 082 ## - DEWEY DECIMAL CLASSIFICATION NUMBER | |
| Classification number | 820.954 MEC |
| 100 ## - MAIN ENTRY--PERSONAL NAME | |
| Personal name | MEHROTRA, Arvind Krishna, ed. |
| 245 ## - TITLE STATEMENT | |
| Title | A Concise History of Indian Literature in English |
| 250 ## - EDITION STATEMENT | |
| Edition statement | 3rd Impression |
| 260 ## - PUBLICATION, DISTRIBUTION, ETC. (IMPRINT) | |
| Place of publication, distribution, etc | Permanent Black |
| Name of publisher, distributor, etc | Ranikhet |
| Date of publication, distribution, etc | 2018 |
| 300 ## - PHYSICAL DESCRIPTION | |
| Extent | 517 p. |
| 650 ## - SUBJECT ADDED ENTRY--TOPICAL TERM | |
| Topical term or geographic name as entry element | English |
| 942 ## - ADDED ENTRY ELEMENTS (KOHA) | |
| Source of classification or shelving scheme | Dewey Decimal Classification |
| Koha item type | Text Books |
| Withdrawn status | Lost status | Source of classification or shelving scheme | Damaged status | Not for loan | Collection code | Home library | Current library | Date acquired | Source of acquisition | Currency | Cost, normal purchase price | Bill Number | Total Checkouts | Full call number | Acc. no. / Barcode | Date last seen | Actual Cost, discounted price | Bill Date | Koha item type | Date last borrowed |
|---|---|---|---|---|---|---|---|---|---|---|---|---|---|---|---|---|---|---|---|---|
| Dewey Decimal Classification | B.A Hons. English | PIET NCR College Library | PIET NCR College Library | 23/03/2024 | Zafaa Books & Distributors | In Rupees | 595.00 | ZBD0458 | 820.954 MEC | N3569 | 01/04/2024 | 416.50 | 23/03/2024 | Reference Books | ||||||
| Dewey Decimal Classification | B.A Hons. English | PIET NCR College Library | PIET NCR College Library | 23/03/2024 | Zafaa Books & Distributors | In Rupees | 595.00 | ZBD0458 | 2 | 820.954 MEC | N3570 | 05/11/2024 | 416.50 | 23/03/2024 | Text Books | 09/10/2024 |